España en los destinos de México

Gardado en:
Detalles Bibliográficos
Autor Principal: Elguero, José (Author)
Formato: Libro
Idioma:Lingua castelá
Publicado: Madrid, España Consejo de la Hispanidad 1942
Subjects:
Tags: Engadir etiqueta
Sen Etiquetas, Sexa o primeiro en etiquetar este rexistro!

MARC

LEADER 00000nam a2200000 a 4500
001 UCO0705
003 CL-VaPUC
005 20241115095427.0
008 000428e19420000SP |||||||||||||||||spa|d
999 |c 287353  |d 287351 
040 |c Pontificia Universidad Católica de Valparaíso 
082 0 4 |a 972 ELG 1942  |2 21 
100 0 |a Elguero, José  |e author  |9 442128 
245 1 0 |a España en los destinos de México 
260 |a Madrid, España  |b Consejo de la Hispanidad  |c 1942 
300 |a 182 páginas 
583 |a last modification  |c 20000428 00:00:00  |k Rodrigo Vera 
650 7 |a HISTORIA DE MEXICO  |2 CL-VaPUC  |9 333909  |z ESPAÑA 
650 7 |a DESCUBRIMIENTO Y CONQUISTA  |2 CL-VaPUC  |9 442129  |z AMERICA 
650 0 |a Culturas indígenas  |9 266389 
650 7 |a MISIONES RELIGIOSAS  |2 CL-VaPUC  |9 393449  |z AMERICA  |z MEXICO 
650 0 |a Inquisición española  |z AMERICA  |9 313621 
650 0 |a Independencia   |z AMERICA  |z ESPAÑA  |9 344246 
852 |a BIBCUR 
942 |c BK  |2 ddc 
945 |d 20000428 00:00:00  |a crobeson 
952 |0 0  |1 0  |4 0  |6 972_000000000000000_ELG_1942  |7 0  |8 X  |9 334186  |a BIBHIS  |b BIBHIS  |d 2019-11-20  |i 127192K  |o 972 ELG 1942  |p 127192K  |r 2024-01-30  |w 2019-11-20  |y BK_X  |k HIS